00400nam a2200145Ia 4500008004100000020001500041041000800056082001600064100002100080245007700101250000600178260003300184300001100217650002600228210716s2007 xx 000 0 und d a8174465081 aeng a658.15 BHAS aBhat, Sudhindra. aFinancial management: principles and practice.bPrinciples and practice. a1 aNew DelhibExcel Booksc2007 axi,599 aManagement Accounting